000 00298nam a22001337a 4500
008 171129b xxu||||| |||| 00| 0 eng d
020 _a9780198611332
041 _aeng
080 _a038
100 _a23
101 _aFJA
245 _aTHE POCKET OXFORD DICTIONARY
_cFOWLER,H.W
942 _2udc
_cBK
999 _c38603
_d38603